[Event "Ceske Budejovice op"]
[Site "Ceske Budejovice"]
[Date "2024.07.03"]
[Round "5"]
[White "Bastyr, Pavel"]
[Black "Dhanesh, Venkata Narayanaswa"]
[Result "0-1"]
[WhiteElo "1638"]
[BlackElo "1737"]
[PlyCount "70"]
[EventDate "2024.06.29"]
[EventType "swiss"]
[EventRounds "9"]
[EventCountry "CZE"]
[SourceTitle "CBM 221 Extra"]
[Source "ChessBase"]
[SourceDate "2024.09.30"]
[SourceVersion "1"]
[SourceVersionDate "2024.09.30"]
[SourceQuality "1"]

1. d4 Nf6 2. c4 g6 3. Nc3 Bg7 4. g3 0-0 5. Bg2 d6 6. Nf3 Nbd7 7. 0-0 e5 8. d5 a5 9. Bg5 h6 10. Bxf6 Nxf6 11. e4 Kh7 12. Qd2 Nh5 13. Ne1 f5 14. f3 f4 15. g4 Nf6 16. Nd3 b6 17. Qf2 g5 18. Qe2 h5 19. h3 Ba6 20. b3 hxg4 21. hxg4 Kg6 22. Kf2 Rh8 23. Rh1 Rh4 24. Rxh4 gxh4 25. Rh1 Nh7 26. Kg1 Qe7 27. Qf2 Bf6 28. Qe1 Ng5 29. Nf2 a4 30. Nxa4 Bxc4 31. Nxb6 cxb6 32. bxc4 Rxa2 33. Qb1 Qa7 34. Bf1 b5 35. Qxb5 Qxf2# 0-1

[Event "Ceske Budejovice op"]
[Site "Ceske Budejovice"]
[Date "2024.07.01"]
[Round "3"]
[White "Shibata, Misaki"]
[Black "Dhanesh, Venkata Narayanaswa"]
[Result "1-0"]
[WhiteElo "1858"]
[BlackElo "1737"]
[PlyCount "91"]
[EventDate "2024.06.29"]
[EventType "swiss"]
[EventRounds "9"]
[EventCountry "CZE"]
[SourceTitle "CBM 221 Extra"]
[Source "ChessBase"]
[SourceDate "2024.09.30"]
[SourceVersion "1"]
[SourceVersionDate "2024.09.30"]
[SourceQuality "1"]

1. d4 Nf6 2. c4 g6 3. Nc3 Bg7 4. e4 d6 5. Bd3 0-0 6. Nge2 c5 7. d5 e6 8. 0-0 exd5 9. cxd5 a6 10. a4 Qc7 11. h3 Nbd7 12. f4 Rb8 13. Be3 Re8 14. Bf2 c4 15. Bc2 b5 16. axb5 axb5 17. Ra7 Rb7 18. Nxb5 Qb8 19. Rxb7 Bxb7 20. Nbc3 Ba6 21. Qa1 Qb7 22. Qa3 Nc5 23. Bxc5 dxc5 24. d6 Nd7 25. e5 f6 26. Be4 Qb6 27. Bd5+ Kf8 28. e6 Qxd6 29. exd7 Rd8 30. Nd4 Rxd7 31. Ne6+ Ke8 32. Qxc5 Qxc5+ 33. Nxc5 Rd6 34. Nxa6 Rxa6 35. Bxc4 f5 36. b3 Kd8 37. Re1 Rb6 38. Nd5 Rb7 39. Kf2 Ra7 40. Kf3 h6 41. Re2 Ra1 42. Rc2 g5 43. b4 Ra3+ 44. Ke2 g4 45. Bd3 gxh3 46. gxh3 1-0

[Event "Bangkok Rooky op"]
[Site "Bangkok"]
[Date "2023.10.20"]
[Round "1"]
[White "Dhanesh, Venkata Narayanaswa"]
[Black "Salvador, Louie"]
[Result "0-1"]
[WhiteElo "1424"]
[BlackElo "2167"]
[PlyCount "60"]
[EventDate "2023.10.20"]
[EventType "swiss"]
[EventRounds "7"]
[EventCountry "THA"]
[SourceTitle "CBM 216 Extra"]
[Source "ChessBase"]
[SourceDate "2023.11.30"]
[SourceVersion "1"]
[SourceVersionDate "2023.11.30"]
[SourceQuality "1"]

1. d4 d5 2. c4 c6 3. cxd5 cxd5 4. Nc3 Nf6 5. Nf3 Nc6 6. Bf4 a6 7. e3 Bg4 8. Be2 e6 9. h3 Bh5 10. 0-0 Bd6 11. Bxd6 Qxd6 12. Qa4 0-0 13. a3 b5 14. Qc2 Rfc8 15. Rfc1 Na5 16. b4 Nc4 17. Ne1 Bg6 18. Bd3 e5 19. Bxg6 hxg6 20. Nd3 exd4 21. exd4 Re8 22. Nc5 Qf4 23. Rd1 Re7 24. a4 Rae8 25. Rf1 g5 26. g3 Qf3 27. Qd3 Ne3 28. fxe3 Qxg3+ 29. Kh1 Qxh3+ 30. Kg1 Rxe3 0-1

[Event "Eastern Asia-ch U14"]
[Site "Tornelo INT"]
[Date "2021.10.30"]
[Round "4"]
[White "Burbach, Brunel Baron"]
[Black "Dhanesh, Venkata Narayanaswa"]
[Result "1-0"]
[WhiteElo "1673"]
[BlackElo "1142"]
[PlyCount "57"]
[EventDate "2021.10.29"]
[EventType "swiss"]
[EventRounds "9"]
[EventCountry "NET"]
[SourceTitle "EXT 2023"]
[Source "ChessBase"]
[SourceDate "2022.10.05"]
[SourceVersion "1"]
[SourceVersionDate "2022.10.05"]
[SourceQuality "1"]

1. e4 e6 2. Nf3 d5 3. e5 c5 4. b4 Bd7 5. bxc5 Bxc5 6. d4 Bb6 7. c3 Nc6 8. Bd3 h6 9. 0-0 Nge7 10. Nh4 Rc8 11. Qg4 g5 12. Nf3 Nf5 13. Qh5 Ng7 14. Qh3 Nf5 15. Bxg5 Qc7 16. Bf6 Rg8 17. Bxf5 exf5 18. Qxh6 Be6 19. Qh7 Kd7 20. Ng5 Nxd4 21. cxd4 Bxd4 22. Nd2 Bxa1 23. Rxa1 Qc3 24. Rd1 Qc2 25. Qh5 Rg6 26. h4 Qxa2 27. Nxe6 Kxe6 28. Nf3 Qc2 29. Nd4+ 1-0

[Event "Kaspersky op U16"]
[Site "Tornelo INT"]
[Date "2021.04.02"]
[Round "1"]
[White "Dhanesh, Venkata Narayanaswa"]
[Black "Petrovskiy, Vadim"]
[Result "0-1"]
[WhiteElo "1212"]
[BlackElo "2150"]
[PlyCount "58"]
[EventDate "2021.04.02"]
[EventType "swiss (blitz)"]
[EventRounds "11"]
[EventCountry "RUS"]
[SourceTitle "CBM 201 Extra"]
[Source "ChessBase"]
[SourceDate "2021.05.31"]
[SourceVersion "1"]
[SourceVersionDate "2021.05.31"]
[SourceQuality "1"]

1. Nf3 Nf6 2. g3 g6 3. Bg2 Bg7 4. 0-0 0-0 5. d3 d6 6. Nbd2 e5 7. e4 c6 8. b3 a5 9. a4 Na6 10. Bb2 Re8 11. Ne1 d5 12. exd5 cxd5 13. Qc1 Bg4 14. Nef3 Nd7 15. h3 Be6 16. Re1 f6 17. Kh2 Rc8 18. c3 Nac5 19. Qc2 Bf5 20. Bf1 Qb6 21. Nh4 Be6 22. d4 exd4 23. cxd4 Nxa4 24. Qb1 Nxb2 25. Qxb2 f5 26. Ndf3 Nf6 27. Ng2 Ne4 28. Nf4 Bf7 29. Qa3 Rc2 0-1